000 00252nam a2200109Ia 4500
008 220214s9999 xx 000 0 und d
100 _aDesalphine S M
245 0 _aFor better rubber and beyond
260 _bOutlook
_c2004
300 _a55
942 _cRE
999 _c45566
_d45566